Statistics for Easy General Knowledge #2

Click here to take the quiz!

General Stats

  • This quiz has been taken 77 times
  • The average score is 6 of 15

Answer Stats

QuestionAnswer% Correct
Which country is the Eiffel Tower located?France
97%
Who is known to be the Son of God?Jesus
78%
Which country has won the most FIFA World Cup titles?Brazil
76%
Who is famously married to Jay-Z?Beyonce
72%
What do koalas normally eat?Eucalyptus leaves
48%
Where was LEGO originated?Denmark
47%
What is the most common energy source in the Universe?The Sun
43%
Who is Buzz Lightyear voiced by?Tim Allen
22%
Where did Daniel Ricciardo record his first win? (give me the country)Canada
21%
Where did Lewis Hamilton record his first win? (give me the country)Canada
21%
Who plays Dutch Schaefer in the first 'Predator' film?Arnold Schwarzenegger
17%
In mathematics, what is brackets, indices, multiplication, division, addition, and subtraction known as?BIMDAS
14%
Which 2 AFL teams have won the most premierships so far (give me one)Essendon and Carlton
5%
What crew is Ellen Ripley part of in the first 'Alien' film?Nostromo
5%
What Terminator model got sent back to 1984 to assassinate Sarah Connor?T-800
5%

Score Distribution

Percentile by Number Answered

Percent of People with Each Score

Your Score History

You have not taken this quiz